000 00309nam a22001457a 4500
008 221011b ||||| |||| 00| 0 eng d
020 _a9780024321046
041 _aeng
080 _a34
082 _a34
100 _a32.1
101 _ajur
245 _aPHILOSOPHY OF SCIENCE
_cZUCKER A
942 _2udc
_cBK
999 _c58468
_d58468